[Event "EU Amateur-ch"]
[Site "Kaunas"]
[Date "2015.08.16"]
[Round "9"]
[White "Mulevicius, Andrius"]
[Black "Lukovski, Lev"]
[Result "1/2-1/2"]
[WhiteElo "1845"]
[BlackElo "1887"]
[PlyCount "110"]
[EventDate "2015.08.09"]
[EventType "swiss"]
[EventRounds "9"]
[EventCountry "LTU"]
[SourceTitle "CBM 167 Extra"]
[Source "ChessBase"]
[SourceDate "2015.09.14"]
[SourceVersion "1"]
[SourceVersionDate "2015.09.14"]
[SourceQuality "1"]

1. c4 e6 2. g3 d5 3. cxd5 exd5 4. Bg2 Nf6 5. b3 Bc5 6. Qc2 Qe7 7. Bb2 c6 8. Nf3 Na6 9. a3 h6 10. b4 Bd6 11. 0-0 0-0 12. Re1 Re8 13. d3 Bf5 14. Nbd2 Bh7 15. Qb3 Qd7 16. Rac1 Re7 17. e3 Qf5 18. d4 Nc7 19. Nh4 Qd7 20. Bf1 g5 21. Ng2 Qf5 22. Be2 a6 23. Bd1 Qh3 24. Bc2 Be4 25. f3 Bxc2 26. Qxc2 Rae8 27. e4 dxe4 28. Nxe4 Nxe4 29. fxe4 Re6 30. Qd3 Qg4 31. d5 cxd5 32. exd5 Re2 33. Rxe2 Qxe2 34. Qb1 Qd2 35. Rd1 Qe2 36. Qc1 Qb5 37. h4 Bxg3 38. hxg5 h5 39. d6 Qb6+ 40. Qc5 Qxc5+ 41. bxc5 Ne6 42. d7 Rb8 43. Bf6 Bc7 44. Rd5 Kh7 45. Nh4 Rg8 46. Kf2 Bd8 47. Bxd8 Rxd8 48. Nf3 Kg7 49. Kg3 f6 50. Kh4 fxg5+ 51. Nxg5 Nxg5 52. Kxg5 Kf7 53. c6 bxc6 54. Rd6 c5 55. Rxa6 Rxd7 1/2-1/2

[Event "EU Amateur-ch"]
[Site "Kaunas"]
[Date "2015.08.13"]
[Round "6"]
[White "Lukovski, Lev"]
[Black "Sciupokas, Arunas"]
[Result "1-0"]
[WhiteElo "1887"]
[BlackElo "1965"]
[PlyCount "131"]
[EventDate "2015.08.09"]
[EventType "swiss"]
[EventRounds "9"]
[EventCountry "LTU"]
[SourceTitle "CBM 167 Extra"]
[Source "ChessBase"]
[SourceDate "2015.09.14"]
[SourceVersion "1"]
[SourceVersionDate "2015.09.14"]
[SourceQuality "1"]

1. Nf3 d5 2. g3 Nf6 3. Bg2 g6 4. 0-0 Bg7 5. d3 0-0 6. c4 dxc4 7. dxc4 Be6 8. Ng5 Bc8 9. Qb3 c6 10. Rd1 Qc7 11. Nc3 Na6 12. Nge4 Nxe4 13. Nxe4 Bg4 14. Re1 Rfd8 15. Be3 Rd7 16. h3 Bf5 17. Rad1 Rad8 18. Rxd7 Rxd7 19. Bxa7 Bxe4 20. Bxe4 Rd2 21. Rb1 Rxe2 22. Be3 Qe5 23. Qd3 Rxe3 24. Qxe3 Nc5 25. Bc2 Ne6 26. Qxe5 Bxe5 27. b4 Nd4 28. Bd3 Kf8 29. b5 cxb5 30. cxb5 b6 31. f4 Bd6 32. a4 Ke8 33. Kg2 Ne6 34. Kf3 Nc5 35. Bc2 h6 36. g4 Ne6 37. Rd1 Bxf4 38. Be4 Bd6 39. Bc6+ Kd8 40. h4 Kc7 41. Rc1 Nc5 42. Be8 Kd8 43. Bxf7 Nd3 44. Rf1 g5 45. Be6 Nc5 46. hxg5 hxg5 47. Bf5 Nxa4 48. Ra1 Nc5 49. Ra8+ Kc7 50. Rc8+ Kb7 51. Rg8 Bf4 52. Rg7 Kc7 53. Rxe7+ Kd6 54. Rg7 Nb3 55. Rd7+ Kc5 56. Bd3 Nd2+ 57. Ke2 Nb3 58. Rf7 Kb4 59. Rd7 Nc5 60. Rd4+ Kc3 61. Rd5 Nxd3 62. Rxd3+ Kc4 63. Rf3 Bc1 64. Rf5 Kb4 65. Kd3 Bf4 66. Rxf4+ 1-0

[Event "EU Amateur-ch"]
[Site "Kaunas"]
[Date "2015.08.12"]
[Round "5"]
[White "Lukovski, Lev"]
[Black "Zebelis, Rimantas"]
[Result "1-0"]
[WhiteElo "1887"]
[BlackElo "1761"]
[PlyCount "67"]
[EventDate "2015.08.09"]
[EventType "swiss"]
[EventRounds "9"]
[EventCountry "LTU"]
[SourceTitle "CBM 167 Extra"]
[Source "ChessBase"]
[SourceDate "2015.09.14"]
[SourceVersion "1"]
[SourceVersionDate "2015.09.14"]
[SourceQuality "1"]

1. Nf3 d5 2. g3 Nf6 3. Bg2 g6 4. 0-0 Bg7 5. d3 0-0 6. h3 Nbd7 7. c4 c6 8. Qc2 e5 9. cxd5 cxd5 10. Nc3 Re8 11. Nb5 Rf8 12. Bd2 a5 13. Nd6 Ra6 14. Nxc8 Rc6 15. Qa4 Qxc8 16. Rfc1 Qa8 17. Rxc6 bxc6 18. Rc1 Rc8 19. Bc3 Ne8 20. Qxa5 Qxa5 21. Bxa5 e4 22. dxe4 Ra8 23. Bc3 dxe4 24. Nd4 f5 25. Nxc6 Bxc3 26. bxc3 Rxa2 27. e3 Nc5 28. Ne5 Kg7 29. Rd1 Nc7 30. Bf1 Kf6 31. Nd7+ Nxd7 32. Rxd7 Ne6 33. Rd6 Ke5 34. Rxe6+ 1-0

[Event "EU Amateur-ch"]
[Site "Kaunas"]
[Date "2015.08.09"]
[Round "1"]
[White "Lukovski, Lev"]
[Black "Daudaravicius, Adomas"]
[Result "1/2-1/2"]
[WhiteElo "1887"]
[BlackElo "1163"]
[PlyCount "90"]
[EventDate "2015.08.09"]
[EventType "swiss"]
[EventRounds "9"]
[EventCountry "LTU"]
[SourceTitle "CBM 167 Extra"]
[Source "ChessBase"]
[SourceDate "2015.09.14"]
[SourceVersion "1"]
[SourceVersionDate "2015.09.14"]
[SourceQuality "1"]

1. c3 Nf6 2. Qa4 c6 3. g4 b5 4. Qf4 Nd5 5. Qg3 Qc7 6. Qxc7 Nxc7 7. d4 d5 8. h3 Nd7 9. Bf4 Ne6 10. Bg3 g6 11. Bg2 Bh6 12. e3 a5 13. h4 Bg7 14. f4 0-0 15. f5 Nd8 16. Nd2 a4 17. Ne2 Bb7 18. Nf4 e5 19. fxe6 Nxe6 20. g5 Nxf4 21. Bxf4 a3 22. Bd6 axb2 23. Rb1 Rfe8 24. e4 Rxa2 25. e5 Ra1 26. 0-0 Ra2 27. Rf2 Nb6 28. Kh2 Na4 29. Bb4 Bf8 30. Bxf8 Kxf8 31. Rbf1 f5 32. gxf6 Nxc3 33. Nb1 b4 34. Rd2 Ba6 35. Re1 Bc8 36. Bh3 Bxh3 37. Kxh3 Re6 38. Kg4 h6 39. h5 g5 40. Rf2 Kf7 41. Rf3 Ra1 42. Rff1 Re8 43. Kf3 Re6 44. Nd2 Ra3 45. Nb1 Ra1 1/2-1/2

[Event "Wch Seniors 65 24th"]
[Site "Katerini"]
[Date "2014.11.02"]
[Round "9"]
[White "Meizlin, Yaacov"]
[Black "Lukovski, Lev"]
[Result "1-0"]
[WhiteElo "2105"]
[BlackElo "1917"]
[PlyCount "123"]
[EventDate "2014.10.24"]
[EventType "swiss"]
[EventRounds "11"]
[EventCountry "GRE"]
[SourceTitle "EXT 2015"]
[Source "ChessBase"]
[SourceDate "2014.11.20"]
[SourceVersion "1"]
[SourceVersionDate "2014.11.20"]
[SourceQuality "1"]

1. e4 c5 2. d4 cxd4 3. c3 d3 4. c4 d6 5. Nc3 g6 6. Bxd3 Bg7 7. Nge2 Nc6 8. 0-0 Ne5 9. Be3 Nxd3 10. Qxd3 Nf6 11. Rad1 Bd7 12. h3 0-0 13. c5 Bc6 14. cxd6 Qxd6 15. Qxd6 exd6 16. f3 Rfd8 17. Rd2 b5 18. Nd4 b4 19. Nxc6 bxc3 20. bxc3 Rd7 21. Rfd1 Ne8 22. Bd4 Bh6 23. Rd3 a5 24. Rb1 Rc7 25. Rb6 Kf8 26. a4 Bf4 27. Kf2 f6 28. g3 Be5 29. c4 Kf7 30. Be3 f5 31. exf5 gxf5 32. f4 Bg7 33. Rd5 Kg6 34. g4 fxg4 35. hxg4 h6 36. Kf3 Kf7 37. Bd2 Ke6 38. Rxa5 Rac8 39. Raa6 Kd7 40. Nb8+ Kd8 41. Ba5 Ke7 42. Nc6+ Kd7 43. Na7 Ra8 44. Nb5 Rxa6 45. Rxa6 Rxc4 46. Bd2 Rc2 47. Be3 Rb2 48. Nd4 Ra2 49. Ra7+ Kc8 50. Re7 Bxd4 51. Bxd4 Nc7 52. Bg7 Ra3+ 53. Re3 Rxa4 54. Bxh6 Kd7 55. f5 Nd5 56. Rd3 Nf6 57. Bf4 Ne8 58. g5 Ke7 59. Re3+ Kf7 60. g6+ Kf6 61. Rxe8 Kxf5 62. g7 1-0

[Event "Wch Seniors 65 24th"]
[Site "Katerini"]
[Date "2014.10.26"]
[Round "3"]
[White "Lukovski, Lev"]
[Black "Kratschmer, Heinz"]
[Result "0-1"]
[WhiteElo "1917"]
[BlackElo "2109"]
[PlyCount "102"]
[EventDate "2014.10.24"]
[EventType "swiss"]
[EventRounds "11"]
[EventCountry "GRE"]
[SourceTitle "EXT 2015"]
[Source "ChessBase"]
[SourceDate "2014.11.20"]
[SourceVersion "1"]
[SourceVersionDate "2014.11.20"]
[SourceQuality "1"]

1. d4 Nf6 2. c4 g6 3. Nf3 Bg7 4. Nc3 d5 5. e3 0-0 6. cxd5 Nxd5 7. Qb3 Nb6 8. Be2 Nc6 9. 0-0 Be6 10. Qd1 Qd7 11. Ne4 Bc4 12. Nc5 Qc8 13. b3 Bxe2 14. Qxe2 Nd5 15. Bb2 e6 16. Rac1 Nce7 17. a3 c6 18. g3 Rd8 19. Rc2 Qc7 20. b4 a5 21. b5 Qb6 22. bxc6 Nxc6 23. Rfc1 Rac8 24. Ba1 Qa7 25. Qb5 Rb8 26. Rb1 Bf8 27. e4 Nc7 28. Qb2 Bg7 29. e5 Nd5 30. Qc1 Nce7 31. Ne4 Nf5 32. g4 Bh6 33. Qd1 Nfe7 34. Nf6+ Nxf6 35. exf6 Nd5 36. Ne5 Nxf6 37. Qf3 Bg5 38. Rc7 Rf8 39. Rbxb7 Rxb7 40. Rxb7 Qa8 41. Qb3 Nd5 42. Nxf7 Be7 43. Ne5 Bxa3 44. Nd7 Bb4 45. Nxf8 Qxb7 46. Nxe6 Qc6 47. Nc5 Kg7 48. Qc4 Kh6 49. Qc1+ g5 50. h4 Nf4 51. f3 Ne2+ 0-1

[Event "Maccabiah op"]
[Site "Jerusalem"]
[Date "2013.07.26"]
[Round "8"]
[White "Slonimskij, Arkadij"]
[Black "Lukovski, Lev"]
[Result "1-0"]
[WhiteElo "2177"]
[BlackElo "1889"]
[PlyCount "71"]
[EventDate "2013.07.21"]
[EventType "swiss"]
[EventRounds "9"]
[EventCountry "ISR"]
[SourceTitle "EXT 2014"]
[Source "ChessBase"]
[SourceDate "2013.11.20"]
[SourceVersion "1"]
[SourceVersionDate "2013.11.20"]
[SourceQuality "1"]

1. d4 e6 2. e4 b6 3. Nc3 Bb7 4. Nf3 d6 5. Bd3 Nd7 6. 0-0 g6 7. Qe2 a6 8. Bg5 Ne7 9. Rad1 h6 10. Bc1 Bg7 11. Nb1 0-0 12. Rfe1 Kh7 13. h3 e5 14. c3 Qe8 15. Bc2 Rd8 16. Ba4 b5 17. Bc2 Nb6 18. Nbd2 exd4 19. cxd4 Nc6 20. Nf1 Rd7 21. h4 Re7 22. h5 Nb4 23. Bb1 f5 24. hxg6+ Kh8 25. e5 Bxf3 26. Qxf3 dxe5 27. dxe5 Rxe5 28. Rxe5 Qxe5 29. Ng3 N6d5 30. Nh5 Ne7 31. Nxg7 Qxg7 32. Be3 Qxg6 33. Bc5 Rf7 34. Rd8+ Ng8 35. Bd4+ Kh7 36. g4 1-0

[Event "GER-ch Seniors-A 17th"]
[Site "Essen"]
[Date "2005.08.28"]
[Round "9"]
[White "Blum, Alfred"]
[Black "Lukovski, Lev"]
[Result "1/2-1/2"]
[WhiteElo "1891"]
[BlackElo "2089"]
[PlyCount "63"]
[EventDate "2005.08.20"]
[EventType "swiss"]
[EventRounds "9"]
[EventCountry "GER"]
[SourceTitle "CBM 108 Extra"]
[Source "ChessBase"]
[SourceDate "2005.11.04"]
[SourceVersion "1"]
[SourceVersionDate "2005.11.04"]
[SourceQuality "1"]

1. c4 d6 2. Nc3 g6 3. d4 Bg7 4. g3 Nd7 5. Bg2 e5 6. Nf3 Ne7 7. 0-0 0-0 8. e4 exd4 9. Nxd4 Ne5 10. b3 N7c6 11. Nxc6 bxc6 12. Bb2 Bg4 13. f3 Bd7 14. Qd2 f5 15. Rad1 Qe8 16. exf5 Bxf5 17. Ne4 Rb8 18. Rde1 Qd8 19. f4 Nxc4 20. bxc4 Rxb2 21. Qa5 Qb8 22. Nd2 Re8 23. Bxc6 Rxe1 24. Rxe1 Qb6+ 25. Qxb6 axb6 26. Nf3 h6 27. Re7 Rxa2 28. Bd5+ Kh7 29. Rxc7 Rc2 30. Nd4 Rd2 31. Nxf5 gxf5 32. Rd7 1/2-1/2

[Event "Dortmund op-A"]
[Site "Dortmund"]
[Date "2005.07.15"]
[Round "7"]
[White "Lukovski, Lev"]
[Black "Tochtrop, Lothar"]
[Result "0-1"]
[WhiteElo "2095"]
[BlackElo "1876"]
[PlyCount "94"]
[EventDate "2005.07.08"]
[EventType "swiss"]
[EventRounds "9"]
[EventCountry "GER"]
[SourceTitle "CBM 107 Extra"]
[Source "ChessBase"]
[SourceDate "2005.09.01"]
[SourceVersion "1"]
[SourceVersionDate "2005.09.01"]
[SourceQuality "1"]

1. f4 e5 2. fxe5 d6 3. exd6 Bxd6 4. Nf3 Nf6 5. d3 Ng4 6. g3 h5 7. e4 Nxh2 8. Bf4 Bxf4 9. gxf4 Nxf1 10. Rxf1 Bg4 11. Qd2 Nc6 12. c3 h4 13. Nh2 Bd7 14. Qe3 h3 15. Rg1 g6 16. Nd2 Qe7 17. 0-0-0 0-0-0 18. Rg3 Rh5 19. d4 b6 20. d5 Na5 21. e5 Ba4 22. c4 Bxd1 23. Kxd1 Nb7 24. Kc2 Qc5 25. Qf3 Rdh8 26. a3 a5 27. Kc3 a4 28. Ne4 Qa5+ 29. Kc2 Nc5 30. Nf6 Nb3 31. Qf2 Rf5 32. Rd3 Qc5 33. Qxc5 Nxc5 34. Rd4 Rh4 35. Nfg4 g5 36. fxg5 Rxg5 37. Rf4 Rxe5 38. Rxf7 Re4 39. Kc3 Rhxg4 40. Nxg4 Rxg4 41. Rh7 Rg3+ 42. Kd4 Rb3 43. Ke5 Re3+ 44. Kd4 Rd3+ 45. Ke5 Nd7+ 46. Kf5 Rf3+ 47. Kg5 Ne5 0-1

[Event "Dortmund op-A"]
[Site "Dortmund"]
[Date "2005.07.11"]
[Round "4"]
[White "Koscielski, Janusch"]
[Black "Lukovski, Lev"]
[Result "1-0"]
[WhiteElo "2360"]
[BlackElo "2095"]
[PlyCount "59"]
[EventDate "2005.07.08"]
[EventType "swiss"]
[EventRounds "9"]
[EventCountry "GER"]
[SourceTitle "CBM 107 Extra"]
[Source "ChessBase"]
[SourceDate "2005.09.01"]
[SourceVersion "1"]
[SourceVersionDate "2005.09.01"]
[SourceQuality "1"]

1. e4 c6 2. d4 Qc7 3. Nc3 d6 4. f4 Nd7 5. Nf3 e5 6. Bd3 Be7 7. dxe5 dxe5 8. f5 b5 9. Qe2 Ngf6 10. Bd2 Nc5 11. 0-0 Nxd3 12. cxd3 Bc5+ 13. Kh1 Ng4 14. Rac1 Qb6 15. Nd1 h5 16. g3 f6 17. Kg2 a5 18. h3 Nh6 19. Nh4 Nf7 20. Ng6 Rh7 21. Be3 Bxe3 22. Nxe3 Bb7 23. Rfd1 Rd8 24. Kh2 Nd6 25. a3 c5 26. b3 Nc8 27. Ng2 Na7 28. b4 cxb4 29. Qa2 Bd5 30. exd5 1-0

[Event "GER-chA Seniors 16th"]
[Site "Templin"]
[Date "2004.09.07"]
[Round "4"]
[White "Reer, Erdmann"]
[Black "Lukovski, Lev"]
[Result "1/2-1/2"]
[WhiteElo "2162"]
[BlackElo "2053"]
[PlyCount "49"]
[EventDate "2004.09.04"]
[EventType "swiss"]
[EventRounds "9"]
[EventCountry "GER"]
[SourceTitle "EXT 2005"]
[Source "ChessBase"]
[SourceDate "2004.11.15"]
[SourceVersion "1"]
[SourceVersionDate "2004.11.15"]
[SourceQuality "1"]

1. e4 c6 2. d4 d6 3. Nf3 Qc7 4. Bd3 e5 5. c3 Bg4 6. 0-0 Nd7 7. h3 Bh5 8. Nbd2 Be7 9. Re1 Ngf6 10. Nf1 0-0 11. Ng3 Bg6 12. Nh4 Rfe8 13. Nxg6 hxg6 14. Be3 d5 15. exd5 Nxd5 16. dxe5 Nxe3 17. Rxe3 Bc5 18. Re1 Nxe5 19. Ne4 Bb6 20. Bf1 Rad8 21. Qc2 Re7 22. Re2 Nd3 23. Rd1 Nf4 24. Rxd8+ Qxd8 25. Rd2 1/2-1/2

[Event "GER-chA Seniors 16th"]
[Site "Templin"]
[Date "2004.09.06"]
[Round "3"]
[White "Lukovski, Lev"]
[Black "Smits, Oswald"]
[Result "1-0"]
[WhiteElo "1999"]
[BlackElo "1731"]
[PlyCount "71"]
[EventDate "2004.09.04"]
[EventType "swiss"]
[EventRounds "9"]
[EventCountry "GER"]
[SourceTitle "EXT 2005"]
[Source "ChessBase"]
[SourceDate "2004.11.15"]
[SourceVersion "1"]
[SourceVersionDate "2004.11.15"]
[SourceQuality "1"]

1. e4 c5 2. b4 cxb4 3. a3 e6 4. axb4 Bxb4 5. c3 Be7 6. d4 Nf6 7. e5 Nd5 8. Qg4 g6 9. h4 h5 10. Qg3 Nc6 11. Bd3 Rg8 12. Ba3 Bxa3 13. Rxa3 Qc7 14. Ne2 b6 15. Nd2 f5 16. Nc4 Nde7 17. Nd6+ Kd8 18. 0-0 Qb8 19. c4 Nb4 20. Bb1 Bb7 21. Rd1 Kc7 22. Nb5+ Kd8 23. Qg5 Nbc6 24. d5 exd5 25. cxd5 Nxe5 26. d6 N5c6 27. Nc7 a6 28. Nxa8 Qxa8 29. dxe7+ Nxe7 30. Re3 Re8 31. Nf4 Be4 32. Bxe4 fxe4 33. Nd5 Qc6 34. Nf6 d5 35. Nxd5 Kc8 36. Rc3 1-0

[Event "Solingen-ch"]
[Site "Solingen"]
[Date "2004.05.29"]
[Round "3"]
[White "Lukovski, Lev"]
[Black "Kniest, Oliver"]
[Result "0-1"]
[WhiteElo "2080"]
[BlackElo "2297"]
[PlyCount "78"]
[EventDate "2004.05.28"]
[EventType "swiss"]
[EventRounds "7"]
[EventCountry "GER"]
[SourceTitle "CBM 100 Extra"]
[Source "ChessBase"]
[SourceDate "2004.07.06"]
[SourceVersion "2"]
[SourceVersionDate "2004.07.06"]
[SourceQuality "1"]

1. d4 e6 2. e4 d5 3. exd5 exd5 4. c4 Bb4+ 5. Nc3 Ne7 6. a3 Bxc3+ 7. bxc3 0-0 8. Bd3 Bf5 9. Nf3 Bxd3 10. Qxd3 dxc4 11. Qxc4 Nbc6 12. 0-0 Qd5 13. Qd3 Na5 14. Rb1 a6 15. Re1 Ng6 16. a4 Rfe8 17. Rxe8+ Rxe8 18. Be3 f5 19. Rb4 c5 20. Rb1 f4 21. Bd2 c4 22. Qc2 Nb3 23. Re1 Qd7 24. h3 Qxa4 25. Ne5 Nxe5 26. dxe5 Nc5 27. Qxa4 Nxa4 28. Bxf4 Nxc3 29. Kf1 Nd5 30. Bc1 Kf7 31. f4 Ke6 32. g4 g6 33. Ke2 Rf8 34. Rf1 b5 35. h4 b4 36. Kf3 c3 37. Ke4 b3 38. f5+ gxf5+ 39. gxf5+ Rxf5 0-1

[Event "Leverkusen op"]
[Site "Leverkusen"]
[Date "2004.04.07"]
[Round "7"]
[White "Sondermann, Johannes"]
[Black "Lukovski, Lev"]
[Result "1-0"]
[WhiteElo "2126"]
[BlackElo "2080"]
[PlyCount "67"]
[EventDate "2004.01.12"]
[EventType "swiss"]
[EventRounds "9"]
[EventCountry "GER"]
[SourceTitle "EXT 2006"]
[Source "ChessBase"]
[SourceDate "2005.11.24"]
[SourceVersion "1"]
[SourceVersionDate "2005.11.24"]
[SourceQuality "1"]

1. e4 c6 2. d4 Qa5+ 3. Nc3 d6 4. Nf3 e5 5. Bc4 Be7 6. dxe5 dxe5 7. Ng5 Bxg5 8. Bxg5 Nf6 9. Qd6 Nbd7 10. 0-0-0 Qc5 11. Qd3 0-0 12. Bb3 b5 13. Qg3 Kh8 14. Qh4 Qe7 15. Rd3 Rd8 16. Rhd1 a5 17. Bxf6 gxf6 18. Qh5 Rg8 19. Qxf7 Qxf7 20. Bxf7 Rf8 21. Rxd7 Bxd7 22. Rxd7 Rad8 23. Be6 a4 24. Bf5 Ra8 25. Rxh7+ Kg8 26. Rc7 b4 27. Be6+ Kh8 28. Nd1 Ra6 29. Ne3 Rd8 30. Nf5 a3 31. Nh4 axb2+ 32. Kxb2 Rg8 33. Bxg8 Kxg8 34. Nf5 1-0